[Event "Bundesliga 1819"]
[Site "Germany"]
[Date "2019.03.01"]
[Round "9.4"]
[White "Edouard, Romain"]
[Black "Beerdsen, Thomas"]
[Result "1/2-1/2"]
[WhiteElo "2636"]
[BlackElo "2474"]
[Annotator "Edouard,R"]
[PlyCount "128"]
[EventDate "2018.11.10"]
[EventType "team-tourn"]
[EventRounds "15"]
[EventCountry "GER"]
[SourceTitle "CBM 189 Extra"]
[Source "ChessBase"]
[SourceDate "2019.06.03"]
[SourceVersion "1"]
[SourceVersionDate "2019.06.03"]
[SourceQuality "1"]
[WhiteTeam "Werder Bremen"]
[BlackTeam "Muelheim Nord"]
[WhiteTeamCountry "GER"]
[BlackTeamCountry "GER"]

1. e4 c5 2. Nf3 e6 3. d4 cxd4 4. Nxd4 Nc6 5. c4 Nf6 6. Nc3 {Transposing into a
Four Knights open English (1.c4 c5 2.Nf3 Nc6 3.d4 cxd4 4.Nxd4 Nf6 5.Nc3 e6)
with 6.e4.} Qc7 $5 {Typical move for a Taimanov player.} ({For the main move} 
6... Bb4 {see my analysis of the game Edouard-Wells 2018.}) 7. Ndb5 $5 (7. Be2
{may objectively be best.} Nxd4 (7... Bc5 8. Nb3 Bb4 9. O-O a6 10. f3 O-O 11.
Bg5 Be7 12. Be3 d6 13. Rc1 {is the kind of Hedgedog I do not like for Black,
due to the misplaced knight on c6.}) 8. Qxd4 Bc5 9. Qd3 O-O 10. Bg5 {and White
seems to be slightly better.}) (7. Be3 Bb4 8. Ndb5 Qa5 {leads to unclear
position. For example, GMs Ivanisevic, Perunovic and Markus give the following
crazy line in their book:} 9. f3 O-O 10. a3 Bxc3+ 11. Nxc3 d5 $1 12. cxd5 exd5
13. exd5 Re8 14. Qd2 Nb4 $1 15. Kf2 Rxe3 $1 16. axb4 Qxa1 17. Kxe3 a5 18. bxa5
Qxa5 $44 {with huge compensation for the pawn.}) (7. a3 {shouldn't promise
White much:} Nxd4 8. Qxd4 Bc5 9. Qd3 {and contrarily to the 7.Be2 line, Black
has} Ng4 $5 10. Nd1 O-O {as given in the above quoted book. Black aims at
playing ...f5, and the position seems unclear.}) 7... Qb8 8. Be2 (8. f4 a6 9.
Nd4 Bb4 10. e5 Ne4 11. Nxc6 bxc6 12. Qd4 f5 13. exf6 Nxf6 $13) 8... a6 {
Not best - although the resulting position was also pretty unclear.} (8... Bc5
$1 9. O-O (9. Be3 Bxe3 10. fxe3 b6 $1 {with the idea to answer Nd6+ with ...
Ke7 seems comfortable for Black.}) 9... a6 10. Na4 $1 Be7 11. Nd4 {And Now
Black has to find} b5 $1 {and the position is unclear:} 12. Nc3 (12. cxb5 axb5
13. Nxb5 Ba6 14. Nac3 Nxe4 $13) 12... Bd6 $1 (12... b4 $6 13. Na4 Bb7 14. Nb6
Ra7 15. Be3 $14) 13. Nxc6 dxc6 14. f4 e5 15. f5 Bc5+ 16. Kh1 Bd4 $13) 9. Nd4
Bd6 $5 {Trying to escape a dubious Hedgedog.} 10. Be3 O-O 11. a3 $5 {Not
forced - but after some thought I decided to prevent ...Bb4 and ...d5 ideas.}
Rd8 $6 (11... Be5 $1 12. Qd2 Re8 $1 {with the idea ...d5 is given as an
equalizer by the engine.}) 12. g3 Bc7 {The whole Black's plan is too slow - as
Black isn't in time to push ...d5.} (12... b5 {seems to me like critical in
the game, but after} 13. cxb5 axb5 14. Ndxb5 Be5 15. O-O d5 16. exd5 Nxd5 17.
Nxd5 Rxd5 18. Qc2 {Black simply has no compensation.}) 13. O-O h6 $5 {The
least damage.} (13... d5 $6 14. cxd5 exd5 15. exd5 Nxd5 16. Nxd5 Rxd5 {and be
quite bad for Black. Here White has three good moves: 17.Bf3, 17.Bc4 or 17.
Nxc6.}) 14. f4 (14. b4 $5) 14... Bb6 $6 (14... d6 {was required.}) 15. b4 $2 (
15. Na4 Ba7 $8 (15... Bxd4 16. Bxd4 Nxe4 17. Nb6 d5 18. cxd5 $1 $16) 16. e5 d5
17. c5 Nxd4 18. Qxd4 Ne4 {and ...Bd7 - Blac is definitely worse but the
position isn't entirely simple.}) 15... d6 $1 {Suddenly the position is just
unclear.} 16. Kg2 Qa7 17. Nxc6 bxc6 18. Bxb6 Qxb6 19. Qd3 c5 20. Rab1 Bd7 $6 (
20... cxb4 21. axb4 Bb7 $11) 21. Rfd1 Bc6 22. Bf3 cxb4 23. axb4 Rac8 24. Qd4
Qc7 25. Rdc1 $6 (25. b5 axb5 26. Nxb5 Bxb5 27. cxb5 e5 $132) 25... Bb7 26. Nd1
$6 (26. Ne2 e5 27. Qd3 $13) 26... e5 27. Qd3 exf4 28. gxf4 d5 $1 {It's turning
to a nightmare for White.} 29. exd5 Qxf4 30. Rc3 Ng4 31. Bxg4 Qxg4+ 32. Kf1 Rd6
33. Nf2 Rf6 34. Rbc1 Re8 $2 (34... Qh4 $1 35. Qg3 Qd4 $19) 35. R1c2 $1 Re5 36.
Re2 Ref5 37. Qe3 $2 (37. Qc2 $1 {wasn't so simple.}) 37... Kh7 $2 (37... Rf4 $1
$19) 38. h3 $6 (38. Qh3 $1 Qd4 (38... Qg6 $2 39. Rg3 $14) 39. Qd3 $11) 38...
Qg6 (38... Qh4 39. Qg3 Qd4 40. Qd3 $11) 39. Qd3 Bc8 $1 40. Ke1 Qg1+ 41. Kd2 Qa1
42. Nd1 $2 (42. Qc2 $1 Rg6 43. Qc1 Qa2+ 44. Qc2 $11) 42... Rg6 43. Ra3 Qf6 44.
Qc3 Qg5+ 45. Ne3 $2 (45. Kc2 $8) 45... Re5 $6 (45... Rf3 $1) 46. Qd4 Qe7 (46...
Bxh3 47. d6 $132) 47. Qc5 Qe8 48. Ra1 $2 (48. b5 f5 49. Rf2 Re4 $40) 48... Re4
$5 (48... Bxh3 $17) 49. Rae1 Qe5 $1 50. Nc2 (50. Qxc8 $2 Qb2+ $19) 50... Qf4+
51. Kc3 Qe5+ (51... Rg3+ 52. Re3 Rg2 $3 {was winning:} 53. Qxc8 Rxc2+ 54. Kxc2
Rxc4+ $19) 52. Kd2 Bf5 $2 53. Qf2 $1 Rg5 54. Qf3 (54. Kc1 $1 $13) 54... Rxe2+
55. Rxe2 Qb2 56. Qc3 Qb1 57. Nd4 Bg6 58. Qb3 Qa1 59. Qc3 Qa2+ 60. Nc2 $2 (60.
Ke3 $1 Qb1 (60... Rg3+ 61. Kf2 Rxc3 62. Rxa2 Rxc4 63. Rd2 $13) 61. Nf3 $1 $132)
60... Rg1 61. d6 Qb1 (61... Bf5 $1 {would have made White's life difficult.})
62. Ne1 Qa2+ 63. Nc2 $2 (63. Ke3 $1 Rg3+ 64. Kd4 $1 (64. Kf2 Rxc3 65. Rxa2 Rxc4
66. Rd2 $44) (64. Nf3 $4 Rxf3+ $19) 64... Qxe2 65. Qxg3 {would have turned the
game around psychologically, although the position remains unclear:} Qe4+ 66.
Kc5 Bf5 $13) 63... Qb1 (63... Bf5 $1 $17) 64. Ne1 Qa2+ 1/2-1/2

[Event "Gibraltar Masters 15th"]
[Site "Caleta"]
[Date "2017.01.28"]
[Round "5"]
[White "Kobo, Ori"]
[Black "Edouard, Romain"]
[Result "0-1"]
[WhiteElo "2482"]
[BlackElo "2613"]
[Annotator "Edouard,R"]
[PlyCount "84"]
[EventDate "2017.01.24"]
[EventType "swiss"]
[EventRounds "10"]
[EventCountry "GGB"]
[SourceTitle "CBM 177"]
[Source "ChessBase"]
[SourceDate "2017.03.16"]
[SourceVersion "1"]
[SourceVersionDate "2017.03.16"]
[SourceQuality "1"]

1. e4 c5 2. Nf3 Nc6 3. d4 cxd4 4. Nxd4 e5 5. Nb5 d6 6. N1c3 a6 7. Na3 b5 8. Nd5
Nge7 9. c4 Nxd5 10. cxd5 ({The most aggressive move is definitely} 10. exd5)
10... Nd4 11. Bd3 (11. Be3 {has been played more often, but in practice Black
has not experienced real problems:} g6 (11... Be7 {is also possible.}) 12. Bxd4
(12. Bd3 Bg7 13. O-O O-O 14. Qd2 f5 $132 {0-1 (30) Pavlovic,M (2540)-Tadic,B 
(2520)/ch-SRB Kragujevac SRB 2010}) 12... exd4 13. Qxd4 Qa5+ 14. Qd2 (14. b4 $2
Qxa3 15. Qxh8 Qxb4+ 16. Kd1 Ke7 $17) 14... Qxd2+ 15. Kxd2 Bg7 16. Kc2 f5 17.
Bd3 fxe4 18. Bxe4 O-O $44) 11... g6 12. O-O Bg7 13. Nc2 O-O {Black should
delay taking on c2 as long as possible.} (13... Nxc2 14. Qxc2 Bd7 15. Qb3 Qa5 (
15... O-O 16. Qb4 $14) 16. Bg5 $5 f6 17. Be3 $14 {1-0 (30) Belov,V (2561)-Maze,
S (2553)/Biel 2008}) 14. Nxd4 (14. Be3 Bd7 (14... Kh8 $5 15. Rc1 f5 16. f3 Bd7
17. Qd2 f4 18. Bf2 g5 19. Nxd4 exd4 20. Be2 Qb6 21. Rfd1 Rac8 $44 {½-½ (46)
Nakamura,H (2774)-Radjabov,T (2744)/Medias ROU 2011, with a typical position
that Black easily holds.}) 15. Qd2 Nxc2 $5 {Now Black gets reasonable
counterplay, as he is already fully developed:} 16. Bxc2 f5 17. exf5 gxf5 18.
f3 Qf6 19. Rac1 Rfc8 $132 {0-1 (33) Brenjo,S (2522)-Tadic,B (2543) Vrnjacka
Banja SRB 2010}) 14... exd4 15. Bf4 $6 {Not a logical move when Black wants to
push ...f5.} (15. a4 Bd7 16. axb5 Bxb5 $11) 15... f5 16. exf5 $6 (16. f3 Be5
$11 (16... fxe4 $5 17. fxe4 Ra7 $132)) (16. Qd2 fxe4 17. Bxe4 Qf6 $132) 16...
Bxf5 {Now Black is even a bit better.} 17. Bg3 Qd7 18. Rc1 Rac8 19. Bxf5 Qxf5
$1 {The strongest.} (19... Rxf5 $143 20. Qb3 (20. Rxc8+ Qxc8 21. Bxd6 Rxd5 $15)
20... Rc5 $15) 20. Qb3 (20. Rc6 Rxc6 21. dxc6 Rc8 $17) 20... Rxc1 21. Rxc1 Rc8
(21... d3 $5 22. Rd1 Bd4 23. Qxd3 Bxf2+ 24. Kh1 Bxg3 25. hxg3 Qf2 $17) 22. Rd1
(22. Rxc8+ Qxc8 23. Kf1 (23. Bf4 Qf5 24. g3 d3 $17) 23... Qc1+ 24. Ke2 Qb1 $1 (
{My idea} 24... Bh6 {but I had missed that after} 25. Bxd6 Qd2+ 26. Kf3 d3 {
White could play} 27. Qc3 $1 Qe2+ 28. Kg3 {with a perpetual check to come.})
25. Bxd6 Qe4+ 26. Kd2 (26. Kf1 d3 $17) 26... Bh6+ 27. f4 Qxg2+ $17) 22... Rc2
23. h3 (23. f3 $1 {was the best defence:} Re2 24. Bxd6 (24. Bf2 $6 d3 $1 $17)
24... Re3 25. Qb4 Qxd5 26. Bc5 Re8 $15) 23... Be5 24. Rf1 Bxg3 25. Qxg3 (25.
fxg3 $2 Qe4 26. Qf3 Qxf3 27. Rxf3 Rxb2 $19) 25... d3 $1 {A very important move,
luckily working!} (25... Qxd5 $2 26. Re1 d3 27. Qh4 $132) 26. Qxd6 d2 27. Qd8+
({I considered} 27. g4 {to be the only move, but after} Qe4 $1 28. Qb8+ Kf7 29.
Qa7+ Qe7 30. Qd4 Qe1 31. Kg2 (31. Qa7+ Ke8 $1 $19 {/\...Kd7, ...Rc8}) 31... Rc1
{Black wins.}) (27. Qb8+ $2 Rc8 $19) 27... Kf7 28. d6 Rc1 29. Qe7+ Kg8 30. Qe8+
Kg7 31. Qe7+ Qf7 32. Qe5+ (32. Qe2 $2 Rxf1+ 33. Kxf1 Qc4 34. Qxc4 d1=Q#) 32...
Qf6 (32... Kg8 $4 33. Qe2) 33. Qe2 Rxf1+ 34. Kxf1 Qxd6 35. Qd1 Qd3+ {The queen
ending is completely winning, as the white king can never get closer while
Black has an easy plan.} 36. Kg1 Qd4 37. b3 {Now my king has a highway to the
b2-square!} Kf6 38. g3 Ke5 39. h4 Qd3 40. h5 b4 41. hxg6 hxg6 42. Kg2 Kd4 0-1

[Event "Politiken Cup 35th"]
[Site "Helsingor"]
[Date "2013.08.02"]
[Round "8"]
[White "Cheparinov, Ivan"]
[Black "Edouard, Romain"]
[Result "1/2-1/2"]
[WhiteElo "2678"]
[BlackElo "2662"]
[Annotator "Edouard,R"]
[PlyCount "75"]
[EventDate "2013.07.27"]
[EventType "swiss"]
[EventRounds "10"]
[EventCountry "DEN"]
[SourceTitle "CBM 156"]
[Source "ChessBase"]
[SourceDate "2013.09.17"]
[SourceVersion "1"]
[SourceVersionDate "2013.09.17"]
[SourceQuality "1"]

1. e4 c5 2. Nf3 Nc6 3. d4 cxd4 4. Nxd4 e5 5. Nb5 d6 6. N1c3 a6 7. Na3 Be7 $5 {
A side-line which I considered to be a decent idea against such a strong and
well-prepared player.} 8. Nc4 b5 9. Ne3 Nf6 10. g3 O-O (10... h5 $5 {is being
played too.}) 11. Bg2 b4 12. Ncd5 Nxd5 13. Nxd5 Bg5 14. Bxg5 Qxg5 15. O-O Rb8
16. Qd3 a5 17. Ne3 $5 $146 {A very interesting try, deviating from the theory
which is actually leading to a draw.} (17. a3 Be6 18. axb4 Nxb4 $1 19. Nxb4
Rxb4 20. b3 (20. Rxa5 Qd8 $5 $146) 20... Rd4 $1 $11) 17... Rd8 (17... Be6 {
is given by the engine but after} 18. Qxd6 Nd4 19. Rad1 Rfd8 (19... Rbc8 20.
Qa6 Nxc2 21. Nd5 $14) 20. Qc7 $1 {attacking a5 and threatening f4 I am not so
sure Black does equalise.}) (17... Qe7 18. Nf5 $36 {should be avoided.}) 18. c4
$5 {Trying to play some sort of typical Sveshnikov position, but it's actually
a very reasonable version for Black.} (18. c3 Qe7 $11) (18. a3 Nd4 $11) (18.
Rfd1 Qe7 $132 (18... Bg4 $5)) 18... Nd4 (18... bxc3 19. bxc3 $36) 19. f4 (19.
Nc2 Nxc2 20. Qxc2 Be6 $11) 19... Qe7 20. b3 {Otherwise I'd soon play b3 myself.
} a4 21. Kh1 (21. Nd5 $6 Qa7 22. Kh1 Bg4 $5 $15) (21. f5 f6 {is not such a
good idea for White: it is positionally not a good deal, and a kingside attack
would be too slow.} (21... Qa7 $5)) 21... Bb7 (21... Ra8 $5) 22. Rae1 Bc6 (
22... f6 $5) 23. Nf5 {Very drawish but White has no better option.} (23. Nd5
Qa7 {is just very good for Black.}) 23... Nxf5 24. exf5 Qb7 25. Bxc6 Qxc6+ 26.
Qf3 Qxf3+ 27. Rxf3 Kf8 $1 {The simplest.} 28. Rd1 (28. fxe5 $6 dxe5 29. Rxe5 $6
Rd2 {is better for Black.}) 28... exf4 (28... Ra8 $5 $11) 29. Rxf4 Re8 30. Kg2
(30. Rxd6 $2 Re2 $17) 30... axb3 (30... Re2+ 31. Rf2 Re3 $6 32. bxa4 $14) 31.
axb3 Re3 32. Rf3 Re2+ 33. Rf2 Re3 34. Rf3 Re2+ 35. Kh3 Ke7 36. Rfd3 ({After} 
36. Ra1 {there are lines like} Kf6 $5 37. Ra6 Rd2 38. c5 Rc8 39. Rxd6+ Rxd6 40.
cxd6 Rd8 41. Kg4 Rxd6 42. Rf4 Rd2 43. h4 h5+ 44. Kxh5 Rd3 45. Rxb4 Rxg3 $11)
36... Rb6 37. R1d2 Re5 (37... Rxd2 $5 38. Rxd2 Ra6 39. Kg4 Ra3 40. Rd3 Ra2 41.
h4 Rf2 $11) 38. g4 1/2-1/2

[Event "Bundesliga 0405"]
[Site "Germany"]
[Date "2005.02.12"]
[Round "10.4"]
[White "Movsesian, Sergei"]
[Black "Boensch, Uwe"]
[Result "1-0"]
[WhiteElo "2629"]
[BlackElo "2540"]
[Annotator "Erenburg,S"]
[PlyCount "54"]
[EventDate "2004.11.12"]
[EventType "team-tourn"]
[EventRounds "15"]
[EventCountry "GER"]
[SourceTitle "CBM 106"]
[Source "ChessBase"]
[SourceDate "2005.06.06"]
[SourceVersion "1"]
[SourceVersionDate "2005.06.06"]
[SourceQuality "1"]
[WhiteTeam "Baden Oos"]
[BlackTeam "Tegernsee"]
[WhiteTeamCountry "GER"]
[BlackTeamCountry "GER"]

1. e4 c5 2. Nf3 Nc6 3. d4 cxd4 4. Nxd4 e5 5. Nb5 d6 6. c4 Be7 (6... Be6 {
is another theoretical line.}) 7. g3 $5 {Interesting, but rare continuation.
White has the following alternatives:} (7. Bd3 {---> 0-1 Apicella,M-Degraeve,J/
Aix les Bains 2003/CBM 97_01/[Erenburg] (38)}) (7. b3 $5 {---> 0-1 Anand,
V-Radjabov,T/Dortmund 2003/CBM 97_01/[Radjabov] (39)}) (7. Be2 {---> 0-1
Landenbergue,C-Kishnev,S/SUI 1992/CBM 31/[Blatny,P] (17)}) (7. N1c3 a6 8. Na3
Be6 9. Be2 Bg5 10. Nc2 Bxc1 11. Rxc1 Nf6 12. O-O O-O 13. Qd2 {---> 1/2-1/2
Kuporosov,V-Moiseenko,A/Moscow 1999/CBM 070/[Smirin] (42)}) (7. N5c3 Nf6 8. Bd3
O-O 9. O-O Be6 10. Nd5 Nd7 11. Nbc3 Bg5 12. Re1 Nd4 13. Bf1 Bxc1 14. Rxc1 Rc8
15. Qd2 a6 16. Kh1 Kh8 17. f4 Qh4 18. b4 f5 19. fxe5 dxe5 20. exf5 Rxf5 21. Re4
Rcf8 22. Bd3 {1/2-1/2 Dolmatov,S-Moiseenko,A/Tripoli 2004/CBM 102 (22)}) 7...
Nf6 $146 {According to my database, this position appeared for the first time.
In the preceding games black tried:} (7... f5 8. Bg2 Nf6 9. N1c3 a6 10. Na3 O-O
11. O-O Qe8 12. exf5 Bxf5 13. Nd5 Nxd5 14. Bxd5+ Kh8 15. Bg2 Qg6 $15 {0-1
Khasaeva,V-Zozulia,A/Bratislava 1993/TD (30)}) (7... Be6 8. b3 a6 9. N5c3 Bg5
10. Bb2 Nge7 11. Bg2 O-O 12. O-O Bh6 13. Nd5 b5 14. cxb5 axb5 15. Nbc3 b4 16.
Nxe7+ Nxe7 17. Nd5 Bxd5 18. exd5 f5 $11 {0-1 Hussein,A-Erhembayar,D/Beirut
2000/CBM 075 ext (41)}) 8. Bg2 O-O 9. O-O Bg4 {Black develops his
light-squared bishop with the tempo.} ({I think, black equalizes after} 9... a6
10. N5c3 Be6 11. Na3 Nd4 $11) 10. Qd3 a6 11. N5c3 Qc8 {threatening to win a
pawn by Nb4. It should be noted, that sometimes black can change the
light-squared bishops through Bg4-h3.} 12. Na3 {protecting the c4 pawn.} Nd4 $6
{looks logical to occupy the central d4 square with the knight, but, actually,
white can easily drive away it from there with Be3.} ({Worth consideration:} 
12... Nb4 $5 13. Qe3 (13. Qd2 Qc5 $5 $11) 13... Qc7 $11 14. f4 $141 $2 d5 $1
$17) 13. f4 $1 {threatening to "catch" black's light-squared bishop with f4-f5.
Suddenly, black faces some problems...} b5 {The only way to prevent from white
an obvious advantage. Other moves are worse:} (13... Bd8 14. Be3 Bb6 15. f5 $16
) (13... Be6 14. Be3 $16) 14. cxb5 axb5 15. Naxb5 Nxb5 ({Comes to
consideration:} 15... Qa6 $1 {, pinning the knight, without a trade on b5...}
16. a4 (16. Be3 Bd7 17. a4 Nxb5 18. Nxb5 (18. axb5 Qxa1 19. Rxa1 Rxa1+ 20. Bf1
Bh3 $13) 18... Ng4 $44) 16... Nb3 17. Rb1 Be6 18. Be3 (18. f5 Nxc1 19. Rbxc1
Qb6+ 20. Kh1 Bb3 21. Ra1 Rfc8 22. Nd5 Bxd5 23. exd5 Ng4 24. Qf3 Ne3 $13) 18...
Ng4 19. f5 Nxe3 20. Qxe3 Bc4 21. Rf2 Bd8 $13) ({Worse is} 15... Nb3 $6 16. Nd5
$1 Nxd5 17. Qxb3 $16) 16. Nxb5 Qa6 17. a4 Bd7 {threatening with the capture on
b5.} 18. Bd2 Bxb5 $2 {It is already a serious mistake. Black should have
continued} (18... Ng4 $1 {[%cal Ya6b6]} 19. Bh3 (19. Kh1 Qb6 $1 {[%cal Yg4f2,
Gd7b5]}) 19... Qb6+ 20. Kg2 Nf2 (20... Rxa4 21. Rxa4 Bxb5 22. Rb4 Bxd3 23. Rxb6
$16) 21. Rxf2 Bxh3+ $13) 19. axb5 {is probably stronger, than} (19. Qxb5 {
, but, this continuation leads to an obvious advantage for white as well:} Qxb5
(19... Qa7+ 20. Kh1 Rfb8 21. Qc4 Rxb2 22. Bc3 Rb7 23. fxe5 dxe5 24. Bxe5 Rb4
25. Qc3 Rxa4 26. Rxa4 Qxa4 27. Bxf6 gxf6 28. e5 Re8 29. exf6 Bf8 $16) 20. axb5
Rab8 21. Bc3 Rxb5 22. Ra7 $16) 19... Qxa1 20. Rxa1 Rxa1+ 21. Kf2 $16 {White
has a queen with a pawn for two rooks. His position is obviously better,
thanks to a pair of bishops and very strong passed pawn "b".} Ra4 (21... Ng4+
22. Ke2 Nxh2 23. Qc4 $16 {[%cal Gc4c7,Yb5b6,Yb6b7,Yb7b8]}) 22. Bc3 {putting
pressure on black's e5 pawn.} Re8 ({Probably, black's last chance was} 22...
Rb8 23. Ke2 (23. Bf3 exf4 24. gxf4 d5 25. exd5 Rxf4 {and black keeps some
chances...}) 23... Nd7 24. Qd5 $16 {/+-}) 23. Bf3 $1 {covering the g4 square.}
Bf8 (23... exf4 {doesn't change anything:} 24. gxf4 (24. b6 $5 $18) 24... Nxe4+
25. Bxe4 Rxe4 26. Qxe4 Bh4+ 27. Kf3 Rxe4 28. Kxe4 Bd8 29. Bd4 $18 {[%cal Gd4a7,
Yb5b6,Yb6b7,Yb7b8]} (29. Kd5 $18)) (23... Nd7 24. Qd5 $18 {[%cal Yd5c6,Gf4e5]})
24. b6 $18 {Black cannot stop white's pawn...} Raa8 (24... Rb8 {loses as well:}
25. fxe5 dxe5 26. Qb5 {[%cal Yc3e5]} Nxe4+ 27. Bxe4 Rxe4 28. Kf3 f5 29. b7 $18
{[%cal Rb5d5,Yb5c6,Yc6c8]}) 25. Qb5 {winning another pawn.} Rab8 (25... exf4
26. e5 $18) 26. fxe5 dxe5 27. Bxe5 Rbd8 (27... Rbd8 28. Kf1 $1 $18 {[%cal
Yb6b7]} (28. b7 Bc5+ 29. Qxc5 Nd7 30. Qc7 Nxe5 31. Be2 $18)) 1-0